000 01582cam a2200373 i 4500
001 71006
003 Mx-PuUPA
005 20240506151327.0
008 240506s2020 sp a|||fr|||| 001 0 spa d
017 _aM-35713-2019
020 _a9788417602659
040 _aMx-PuUPA
_bspa
_cMx-PuUPA
_dMx-PuUPA
_erda
041 1 _aspa
_heng
100 1 _aRoss, Michael H.
_93944
_eautor
240 1 0 _aHistology : a text and atlas : with correlated cell and molecular biology.
_lEspañol
245 1 0 _aHistología :
_btexto y atlas color con biología celular y molecular /
_cMichael H. Ross ; Wojciech Pawlina ; traducción de Gustavo Arturo Mezzano [y otros tres]
250 _a8a. edición
264 1 _aBarcelona, España :
_bWolters Kluwer,
_c2020
300 _axvi, 1045 páginas :
_bilustraciones ;
_c29 cm
336 _2rdacontent
_atexto
_btxt
336 _2rdacontent
_aimagen fija
_bsti
337 _2rdamedia
_asin medio
_bn
338 _2rdacarrier
_avolumen
_bnc
650 7 _2armarc
_aHistología
_yEstudio y enseñanza
650 7 _2armarc
_aCitología
650 7 _2armarc
_aCélulas
_xBiología
700 1 _aPawlina, Wojciech,
_eautor
_93945
700 1 _aMezzano, Gustavo Arturo,
_etraductor
765 0 _aRoss, Michael H.
_tHistology : a text and atlas : with correlated cell and molecular biology
_b8a. edición
_dPhiladelphia, PA : Wolters Kluwer, 2020
_z9781496383426
942 _2ddc
_cLI
_h611.0181
_iR788
999 _c71006
_d71006